000 00481nam a22001937a 4500
003 MPLRDC
005 20220104143944.0
008 210129b ||||| |||| 00| 0 eng d
020 _a962-357-795-6
082 _a628.86 WZH
100 _a王之虹
245 _a风雨同行, 陈子明狱中纪实
_c
250 _a初版
260 _a
_b明窗出版社
_c1995
300 _b
490 _a焦点文库
650 _a中国现代史; 民国史
942 _cBK
_o628.86 WZH
999 _c44991
_d44981